000 00491nam a22001697a 4500
005 20231128143240.0
008 231128b |||||||| |||| 00| 0 eng d
020 _a0420458905
041 _aEnglish
082 _a340.1 BAR
100 _lEnglish
245 _aThe Bar List of the United Kingdom 1980
260 _aLondon :
_bStevens and Sons Limited,
_c1980
300 _bxx, 600 pages ;
_c25,5 cm.
650 _aLegal practice
_bLaw
942 _cBK
_6ALISON_BN_VRIES
999 _c1023
_d1023